| 000 | 00409cam a22001337a 4500 | ||
|---|---|---|---|
| 008 | 180718b1987 xxu||||| |||| 00| 0 eng d | ||
| 082 | _aV53x5444 K147r | ||
| 100 | _aKarnataka | ||
| 245 | _aReport on long range plan for power projects in Karnataka 1987-2000 A.D | ||
| 260 |
_aBangalore _bThe author _c1987 |
||
| 300 | _a104+p. | ||
| 500 | _aChairman: S.G. Ramachandra | ||
| 700 | _aRamachandra, S.G. (Chairman) | ||
| 999 |
_c489975 _d489975 |
||